| 000 | 00609nam a22001937a 4500 | ||
|---|---|---|---|
| 003 | OSt | ||
| 005 | 20251029075622.0 | ||
| 008 | 251029b |||||||| |||| 00| 0 eng d | ||
| 020 | _a978-1-4263-7337-4 | ||
| 040 |
_aDWCL - Main Lib _cOC |
||
| 082 | _aGR 030 N277 2022 | ||
| 100 | _aFlynn, Sarah Wassher | ||
| 245 |
_aNational Geographic Kids : _bAlmanac 2023 / _cSarah Wassher Flynn |
||
| 260 |
_aWashington, U.S.A. ; _bNational Geographic Partners, LLC, _cc2022. |
||
| 300 |
_a367 pages ; _bcolored illustrations ; _c23 cm. |
||
| 501 | _aIncludes Index. | ||
| 650 | _a1. Almanac. | ||
| 942 |
_2ddc _cGR _mGR _n0 |
||
| 999 |
_c5308 _d5308 |
||